La gimnasia en el jardín de infantes... /

Guardado en:
Autor Principal: Dufresse, Marie
Formato: Libro
Publicado: Buenos Aires : Kapelusz, 1966
Materias:
Etiquetas: Agregar Etiqueta
Sin Etiquetas, Sea el primero en etiquetar este registro!
LEADER 00581nam a22001935a 4500
001 CEM.cems002163
005 20060216000000.0
008 130507s1966##################000#0#####d
003 CEMS
082 0 4 |a 372.21 
100 1 |a Dufresse, Marie 
245 1 0 |a La gimnasia en el jardín de infantes... / 
260 |a Buenos Aires :  |b Kapelusz,  |c 1966 
300 |a 84 p. 
653 |a Educacion 
653 |a Jardin de infantes 
653 |a Juegos infantiles 
859 |a CEMS  |b BIB. CEMS - 11 de abril  |h 372.21  |i D877  |p 3605.75  |t Ej.1 
859 |a CEMS  |b BIB. CEMS - 11 de abril  |h 372.21  |i D877  |p 3606.75  |t Ej.2